• 首页
  • 本馆介绍
  • 公告通知
  • 最新文献
  • 馆藏检索
  • 电子资源
  • 读者导购
  • 参考咨询
  • 我的图书馆
  • 登录
  • 详细信息显示
  • 放入我的书架
  • 预约/预借图书
  • 作者相关作品
  • 分类相关作品
  • 丛书相关作品
  • 出版社相关作品

书目信息

  • 表格格式
  • 工作单格式
  • 卡片格式
题名:
电视音乐音响
    
 
作者: 郝俊兰 著
分册:  
出版信息: 北京   中国广播电视出版社  2013.04
页数: 224页
开本: 26cm
丛书名:
单 册:
中图分类: J617.6 , J915
科图分类:
主题词: 电视(艺术)--音乐--教材 , 电视(艺术)--音响效果--教材 , 电视(艺术) , 音乐 , 音响效果
电子资源:
ISBN: 978-7-5043-6781-5
000 01186nam0 2200325 450
001 012013096742
005 20130627155336.34
010    @a978-7-5043-6781-5@dCNY30.00
100    @a20130517d2013 em y0chiy0110 ea
101 0  @achi
102    @aCN@b110000
105    @ay z 000yy
106    @ar
200 1  @a电视音乐音响@9dian shi yin le yin xiang@f郝俊兰著
205    @a2版@b修订本
210    @a北京@c中国广播电视出版社@d2013.04
215    @a224页@d26cm
300    @a广播电影电视部统编教材
330    @a电视音乐音响是一个全新的课题,本书试图从宏观到微观围绕电视中的声音(主要是音乐音响功能)以及声画结合的规律进行多层次的探讨。“电视音乐”是电视表现要素之一,它有音乐艺术的规律可循,又要纳入电视艺术的轨道,它在和电视其他表现因素的结合中产生新的变化,形成新的特点。电视剧和纪录片中的音乐特点最为突出,因而也是本书研究的重点。
333    @a广播电影电视制作人员
606 0  @a电视(艺术)@x音乐@j教材
606 0  @a电视(艺术)@x音响效果@j教材
606 0  @a电视(艺术)
606 0  @a音乐
606 0  @a音响效果
690    @aJ617.6@v5
690    @aJ915@v5
701  0 @a郝俊兰@9hao jun lan@4著
801  0 @aCN@b人天书店@c20130523
905    @b547064-67@dJ617.6@e603=2@f4
    
    电视音乐音响/郝俊兰著.-2版,修订本.-北京:中国广播电视出版社,2013.04
    224页;26cm
    广播电影电视部统编教材.-使用对象:广播电影电视制作人员
    
    ISBN 978-7-5043-6781-5:CNY30.00
    电视音乐音响是一个全新的课题,本书试图从宏观到微观围绕电视中的声音(主要是音乐音响功能)以及声画结合的规律进行多层次的探讨。“电视音乐”是电视表现要素之一,它有音乐艺术的规律可循,又要纳入电视艺术的轨道,它在和电视其他表现因素的结合中产生新的变化,形成新的特点。电视剧和纪录片中的音乐特点最为突出,因而也是本书研究的重点。
●
相关链接 在E读中查询图书 在五车中查询图书 在当当中查询图书 在豆瓣中查询图书


正题名:电视音乐音响     索取号:J617.6/603=2         预约/预借

序号 登录号 条形码 馆藏地/架位号 状态 备注
1 547064   205470649   第一样本阅览室/ [索取号:J617.6/603=2] 在馆    
2 547065   205470658   第一借阅区/ [索取号:J617.6/603=2] 在馆    
3 547066   205470667   第一借阅区/ [索取号:J617.6/603=2] 在馆    
4 547067   205470676   第一借阅区/ [索取号:J617.6/603=2] 在馆    
唐山师范学院图书馆 欢迎您!
大连网信软件有限公司© 版权所有